The elements of probability theory and some of its applications
محفوظ في:
| المؤلف الرئيسي: | |
|---|---|
| التنسيق: | كتاب |
| اللغة: | الإنجليزية |
| منشور في: |
Nueva York
John Wiley and Sons
1961
|
| الموضوعات: | |
| الوسوم: |
إضافة وسم
لا توجد وسوم, كن أول من يضع وسما على هذه التسجيلة!
|
MARC
| LEADER | 00000nam a2200000 a 4500 | ||
|---|---|---|---|
| 001 | UCH2273 | ||
| 003 | CL-VaPUC | ||
| 008 | 090604e19610000US |||||||||||||||||eng|d | ||
| 082 | 0 | 4 | |a 519.2 |b CRA |2 21 |
| 100 | |a Cramér, Harald |e author |9 430169 | ||
| 245 | 1 | 4 | |a The elements of probability theory and some of its applications |
| 300 | |a 281 p | ||
| 942 | |c BK | ||
| 945 | |d 20090604 00:00:00 |a dcastane | ||
| 260 | |a Nueva York |b John Wiley and Sons |c 1961 | ||
| 650 | 0 | |a Teoría de probabilidades |9 336944 | |
| 650 | 0 | |a Modelos matemáticos |9 259437 | |
| 650 | 0 | |a Variables |9 338106 | |
| 650 | 7 | |a CONSTANTES |2 CL-VaPUC |9 371014 | |
| 583 | |a last modification |c 20090604 00:00:00 |k Rodrigo Vera | ||
| 999 | |c 334058 |d 334056 | ||
| 952 | |0 0 |1 0 |4 0 |6 519_200000000000000_CRA_1961 |7 0 |8 A |9 422849 |a BIBCUR |b BIBCUR |d 2019-11-22 |i 4543149 |o 519.2 CRA 1961 |p 4543149 |r 2025-04-22 |w 2019-11-22 |y BK |k FIS | ||